000
00331nam a2200133Ia 4500
008
230524s9999 xx 000 0 und d
020
_a
9788120336476
100
_a
M.V.Deshpande
245
0
_a
Elements of Electrical Power Station Design
260
_b
PHI
500
_a
Quantity Number: 30
650
_a
Electrical
942
_c
BK
999
_c
50987
_d
50987